Design and its impact on the financial results of enterprises (based on managers´ opinions)

Vplyv dizajnu na finančnú výkonosť podnikov Českej republiky v rokoch 2014 a 2016. Vymedzenie rozpočtu pre dizajn a návratnosť investícií. Výskum dokázal, že dizajn má mimoriadny vplyv na dosiahnutie ekonomických cieľov a zvýšenie konkurencieschopnosti.

Gespeichert in:
Bibliographische Detailangaben
1. Verfasser: Kramoliš, Jan
Weitere Verfasser: Staňková, Pavla
Format: Buchkapitel
Sprache:Englisch
Schlagworte:
Tags: Tag hinzufügen
Keine Tags, Fügen Sie das erste Tag hinzu!

MARC

LEADER 00000nla a2200000 4500
001 0235051
005 20240417075125.2
041 0 |a eng 
044 |a CZ 
245 1 0 |a Design and its impact on the financial results of enterprises (based on managers´ opinions)  |c Jan Kramoliš, Pavla Staňková 
520 |a Vplyv dizajnu na finančnú výkonosť podnikov Českej republiky v rokoch 2014 a 2016. Vymedzenie rozpočtu pre dizajn a návratnosť investícií. Výskum dokázal, že dizajn má mimoriadny vplyv na dosiahnutie ekonomických cieľov a zvýšenie konkurencieschopnosti. 
610 2 0 |a výkonnosť ekonomiky 
610 2 0 |a dizajn 
610 2 0 |a Česko 
610 2 0 |a investície finančné 
610 2 0 |a konkurencieschopnosť 
610 2 0 |a marketing 
100 1 |a Kramoliš, Jan 
700 1 |a Staňková, Pavla